Lincoln or Ford? Quiz Stats

Quiz Updated Nov 5, 2017

Challenge
Share
Tweet
Embed
Score 0/22 Timer 03:00
0 Plays Today
Question Answer Wrong Answers
Mustang Ford
95.4%
Lincoln
1.6%
On Mount Rushmore Lincoln
95.3%
Ford
1.7%
Was Vice President Ford
92.4%
Lincoln
4.5%
Shallow place to cross Ford
91.4%
Lincoln
5.7%
Escape Ford
91.4%
Lincoln
5.6%
Directed by Steven Spielberg Lincoln
90.9%
Ford
6.2%
Explorer Ford
90.9%
Lincoln
6.1%
Tunnel under the Hudson Lincoln
88.7%
Ford
8.3%
Town Car Lincoln
88.5%
Ford
8.4%
Continental Lincoln
88.2%
Ford
8.7%
Is an animatronic figure in Disneyland Lincoln
85.1%
Ford
11.9%
President born in Kentucky Lincoln
81.9%
Ford
15%
President born in Nebraska Ford
80.5%
Lincoln
16.4%
Center for the Performing Arts in New York (home to the Metropolitan Opera) Lincoln
79.1%
Ford
17.7%
President who studied law at Yale Ford
78.4%
Lincoln
18.5%
Won the presidency with 1,866,452 votes Lincoln
77.1%
Ford
19.9%
Recorded 'Sixteen Tons' Ford
75.2%
Lincoln
21.9%
President who married Elizabeth Ann Bloomer Ford
75.1%
Lincoln
21.8%
Navigator Lincoln
72.8%
Ford
24.2%
Album by They Might Be Giants Lincoln
64.3%
Ford
32.6%
Character in Hitchhiker's Guide to the Galaxy Ford
63.3%
Lincoln
33.8%
President enshrined in the Wrestling Hall of Fame Lincoln
30%
Ford
67%

You're not logged in!

Compare scores with friends on all Sporcle quizzes.
Join for Free
OR
Log In

You Might Also Like...

Show Comments

Extras

Top Quizzes Today


Score Distribution

Your Account Isn't Verified!

In order to create a playlist on Sporcle, you need to verify the email address you used during registration. Go to your Sporcle Settings to finish the process.

Report this User

Report this user for behavior that violates our Community Guidelines.

Details: